000
00195 a2200097 4500
020
_a
078073003990
041
_a
spa
100
_a
Marzollo, Jean
245
_a
Compaęros en el futbol
942
_c
BK
999
_c
10387
_d
10387